1277 1027 1577 1759 1494 1247 1364 1552 1175 1552 1225 1142 1071 1386 1713 1848 1218 1130 1541 1712 1813 1018 1332 1486 1255 1383 1801 1144 1200 1649 1505 1904 1372 1518 1924 1947 1189 1914 1535 1028 1436 1271 1939 1108 1946 1052 1254 1173 1991 1539 1922 1650 1450 1633 1962 1776 1074 1634 1463 1151 1501 1859 1159 1381 1724 1063 1406 1758 1276 1842 1053 1636 1665 1140 1013 1536 1494 1268 1428 1804 1570 1798 1581 1832 1947 1095 1291 1127 1001 1084 1558 1528 1015 1706 1445 1595 1377 1991 1949 BCNSPRNW ULIB Ver.6.0+V

เปลี่ยนเป็นภาษาไทย

Change to English
 แสดงรายละเอียดบรรณานุกรม
  กลับหน้าหลัก

Brief Record : Get Marc (ISO 2709) : E-mail record : QR code < ปิดหน้าต่าง
LEADER : 00000nam 2200000uu 4500
001    13399110385
003     ULIB
008    110429s2551||||th 000 0 tha d
020    978974822998
060 04 WO15^bว273บ 2551
100 0  วรรษา เปาอินทร์
245 10 บันทึกการผ่าตัดและหลักการใช้รหัสตามระบบ ICD =^bOperative note and ICD coding principle /^cวรรษา เปาอินทร์
246 31 Operative note and ICD coding principle
250    พิมพ์ครั้งที่ 1
260    กรุงเทพฯ :^bโรงพิมพ์องค์การรับส่งสินค้าและพัสดุภัณฑ์,^c2551
300    108 หน้า
650  7 โรค^xการจำแนก
650  7 โรค^xเลขรหัส
650  7 ศัลยกรรม^xเลขรหัส
945    ^p180^l0^i024844
995    ทศพร
999 ^a ใช้งานได้ทุกระบบ
รายการนี้ยังไม่มีแท็ก
คุณยังไม่ได้ล็อกอิน คุณสามารถมีกิจกรรมร่วมกับเว็บไซต์ได้ แต่ต้องล็อกอินก่อน ::
  ล็อกอิน

รายการสื่อสารสนเทศ

ลำดับที่ ประเภท เลขเรียก/บาร์โค้ด สถานที่ สถานะ
- ไม่พบข้อมูล -

รายการใกล้เคียง
    ผู้แต่ง [วรรษา เปาอินทร์]

BibComment


ยังไม่เคยถูกคอมเมนท์

คอมเมนท์ทรัพยากรรายการนี้
  คอมเมนท์: บันทึกการผ่าตัดแล..


 Copyright 2026. Bcnsprnw @Library